| Tag |
First Indicator |
Second Indicator |
Subfields |
| LEADER |
00000cgm a2200000Ma 4500 |
| 001 |
in00005572021 |
| 006 |
m o c |
| 007 |
cr |n||||||||a |
| 007 |
vz |za|z| |
| 008 |
140513s2005 vra024 e o vueng d |
| 005 |
20241201232024.8 |
| 035 |
|
|
|a (OCoLC)ocn885258254
|
| 040 |
|
|
|a ALSTP
|b eng
|e pn
|c ALSTP
|d OCLCO
|d OCLCF
|d OCLCQ
|d OCLCO
|d OCLCQ
|d MNI
|d WYU
|d UPM
|d OCLCO
|d NUI
|d OCLCO
|
| 019 |
|
|
|a 1430835943
|a 1444022178
|
| 035 |
|
|
|a (OCoLC)885258254
|z (OCoLC)1430835943
|z (OCoLC)1444022178
|
| 049 |
|
|
|a TXAM
|
| 245 |
0 |
0 |
|a Technology today.
|n Episode 313 /
|c produced by Evan Clark.
|
| 260 |
|
|
|a Geelong, Victoria :
|b Switch International,
|c 2005.
|
| 300 |
|
|
|a 1 online resource (24 min.).
|
| 306 |
|
|
|a 002423
|
| 336 |
|
|
|a two-dimensional moving image
|b tdi
|2 rdacontent
|
| 337 |
|
|
|a computer
|b c
|2 rdamedia
|
| 338 |
|
|
|a online resource
|b cr
|2 rdacarrier
|
| 490 |
0 |
|
|a VAST: academic video online
|
| 500 |
|
|
|a Title from resource description page (viewed July 15, 2014).
|
| 520 |
|
|
|a Keep your audience a step ahead with 21st Century developments. Technology Today is the definitive programme for technological developments.
|
| 546 |
|
|
|a This edition in English.
|
| 650 |
|
0 |
|a Computer science.
|
| 650 |
|
0 |
|a Solar energy.
|
| 650 |
|
0 |
|a Technological innovations.
|
| 650 |
|
2 |
|a Electronic Data Processing
|
| 650 |
|
2 |
|a Solar Energy
|
| 650 |
|
6 |
|a Informatique.
|
| 650 |
|
6 |
|a Énergie solaire.
|
| 650 |
|
6 |
|a Innovations.
|
| 650 |
|
7 |
|a Computer science
|2 fast
|
| 650 |
|
7 |
|a Solar energy
|2 fast
|
| 650 |
|
7 |
|a Technological innovations
|2 fast
|
| 655 |
|
2 |
|a Documentaries and Factual Films
|
| 655 |
|
4 |
|a Alexander Street Video.
|
| 655 |
|
7 |
|a documentary film.
|2 aat
|
| 655 |
|
7 |
|a Documentary films
|2 fast
|
| 655 |
|
7 |
|a Documentary films.
|2 lcgft
|
| 655 |
|
7 |
|a Documentaires.
|2 rvmgf
|
| 700 |
1 |
|
|a Clark, Evan.
|4 pro
|
| 710 |
2 |
|
|a Switch International.
|4 prn
|
| 856 |
4 |
0 |
|u http://proxy.library.tamu.edu/login?url=https://www.aspresolver.com/aspresolver.asp?AVN2;2200280
|z Connect to this streaming video (Alexander Street Press)
|t 0
|
| 955 |
|
|
|a Alexander Street Press subscription streaming video
|
| 994 |
|
|
|a 92
|b TXA
|
| 999 |
f |
f |
|s 1b7cc0cb-26de-4f34-b396-3473298089df
|i 16cc2dcb-1f8d-4b6c-8fc0-6aac1e6168bc
|t 0
|
| 952 |
f |
f |
|a Texas A&M University
|b College Station
|c Electronic Resources
|d Available Online
|t 0
|h Library of Congress classification
|
| 998 |
f |
f |
|t 0
|l Available Online
|